| 000 | 00641nam a22001577a 4500 | ||
|---|---|---|---|
| 003 | OSt | ||
| 005 | 20150916114705.0 | ||
| 008 | 150916b xxu||||| |||| 00| 0 eng d | ||
| 040 | _cRUA | ||
| 082 | _aAGR SOR 2003 B029 Or.1 | ||
| 100 |
_9593 _aSOR SOCHEAT |
||
| 245 | _aCrops option for rainfed lowland condition in cambodia,(ការជ្រើសរើសមុខដំណាំអោយសមស្របក្នុងលក្ខខ័ណ្ឋតំបន់ដីទំនាបរំពឹងទឹកភ្លៀងនៅកម្ពុជា) | ||
| 260 |
_aphnom penh _bRUA _c2003 |
||
| 300 |
_a56p. _cill. _g29cm. |
||
| 942 |
_2ddc _cAGR |
||
| 999 |
_c570 _d570 |
||